<?xml version="1.0" encoding="UTF-8"?>
<record
    xmlns:xsi="http://www.w3.org/2001/XMLSchema-instance"
    xsi:schemaLocation="http://www.loc.gov/MARC21/slim http://www.loc.gov/standards/marcxml/schema/MARC21slim.xsd"
    xmlns="http://www.loc.gov/MARC21/slim">

  <leader>00874nam a2200217 i 4500</leader>
  <datafield tag="999" ind1=" " ind2=" ">
    <subfield code="c">7790</subfield>
    <subfield code="d">7790</subfield>
  </datafield>
  <controlfield tag="001">991058478168306706</controlfield>
  <controlfield tag="003">OSt</controlfield>
  <controlfield tag="005">20231017130909.0</controlfield>
  <controlfield tag="006">m     o  d |      </controlfield>
  <controlfield tag="007">cr |||||||||||</controlfield>
  <controlfield tag="008">201029s2019    sp a    ob    000 0 spa d</controlfield>
  <datafield tag="040" ind1=" " ind2=" ">
    <subfield code="a">CDMR</subfield>
    <subfield code="c">CDMR</subfield>
    <subfield code="b">cat</subfield>
  </datafield>
  <datafield tag="110" ind1=" " ind2=" ">
    <subfield code="9">4894</subfield>
    <subfield code="a">Comissi&#xF3; Europea</subfield>
  </datafield>
  <datafield tag="245" ind1="1" ind2="0">
    <subfield code="a">International draft guiding principles for organizations developing advanced AI systems [recurs electr&#xF2;nic] /</subfield>
    <subfield code="c">European Commission</subfield>
  </datafield>
  <datafield tag="264" ind1=" " ind2="1">
    <subfield code="c">[2023]</subfield>
  </datafield>
  <datafield tag="300" ind1=" " ind2=" ">
    <subfield code="a">1 recurs electr&#xF2;nic (5 p&#xE0;gines)</subfield>
  </datafield>
  <datafield tag="650" ind1=" " ind2="0">
    <subfield code="a">Intel&#xB7;lig&#xE8;ncia artificial</subfield>
    <subfield code="9">4722</subfield>
    <subfield code="x">Aspectes &#xE8;tics i morals</subfield>
  </datafield>
  <datafield tag="650" ind1=" " ind2="0">
    <subfield code="a">Intel&#xB7;lig&#xE8;ncia artificial</subfield>
    <subfield code="9">4722</subfield>
    <subfield code="x">Aspectes socials</subfield>
  </datafield>
  <datafield tag="856" ind1=" " ind2=" ">
    <subfield code="z">Acc&#xE9;s en l&#xED;nia</subfield>
    <subfield code="u">https://digital-strategy.ec.europa.eu/en/library/international-draft-guiding-principles-organizations-developing-advanced-ai-systems</subfield>
  </datafield>
  <datafield tag="942" ind1=" " ind2=" ">
    <subfield code="2">udc</subfield>
    <subfield code="c">LLIBRE-E</subfield>
  </datafield>
  <datafield tag="952" ind1=" " ind2=" ">
    <subfield code="0">0</subfield>
    <subfield code="1">0</subfield>
    <subfield code="4">0</subfield>
    <subfield code="7">0</subfield>
    <subfield code="a">CDMR</subfield>
    <subfield code="b">CDMR</subfield>
    <subfield code="d">2023-10-17</subfield>
    <subfield code="e">Donaci&#xF3;</subfield>
    <subfield code="l">0</subfield>
    <subfield code="o">Disponible en l&#xED;nia</subfield>
    <subfield code="p">CDMR23100007</subfield>
    <subfield code="r">2023-10-17</subfield>
    <subfield code="w">2023-10-17</subfield>
    <subfield code="y">LLIBRE-E</subfield>
  </datafield>
</record>
